000 00619nam a2200205 i 4500
001 55204
003 ES-MaACL
005 20250809062549.0
007 t|
008 030915s1942 sp ||||1| spa d
100 1 _aDel Vecchio, Giorgio.
_943273
245 1 0 _aFilosofía del derecho /
_cGiorgio del Vecchio ; revisada por Luis Legaz Lacambra.
250 _a3ª ed. corr. y aum.
260 _aBarcelona :
_bBosch,
_c[1942] (
_fClarasó)
300 _a502 p. ;
_c24 cm.
650 4 _aDerecho-
_xFilosofía
_911620
700 1 _aLegaz Lacambra, Luis.
_971264
852 _aES-MaACL
_jF-15436
999 _c55204
_d55204